000
00266nam a22001097a 4500
003
OSt
008
231025b |||||||| |||| 00| 0 eng d
041
_a
hin
245
_a
Bharath ka ithihas bachom keliye
260
_a
New Delhi
_b
Suchna Prasaran Manthralay
942
_c
BK
999
_c
17747
_d
17747